| 000 | 00503cam a2200205ua 4500 | ||
|---|---|---|---|
| 001 | 5605 | ||
| 005 | 20260515113919.0 | ||
| 008 | 131005n ii |||gr||||Z||||||eng | ||
| 020 | _a885921-00-8 | ||
| 040 | _cMAIN | ||
| 082 | _a954.162 | ||
| 245 | 1 | 1 |
_aEarly History Of Kamrupa _cBy K.L. Baruah |
| 250 | _a2nd ed. | ||
| 260 |
_aGuwahati: _bLBS Publications, _c2005. |
||
| 300 | _axi,238p. | ||
| 653 | _aHistory | ||
| 653 | _aEarly History Of Kamrupa | ||
| 700 | 1 |
_aBaruah, K.L, _eAuthor. |
|
| 942 | _cBK | ||
| 999 |
_c4762 _d4762 |
||